Estatísticas para Cultura Geral

Clique aqui para jogar o quiz

Estatísticas Gerais

  • Esse quiz foi jogado 27 vezes
  • A pontuação média é 9 de 15

Estatísticas das Respostas

HintResposta% Correto
Que país da América do Sul começa com a letra A?Argentina
100%
Qual é o maior país da América do Sul?Brasil
100%
Por território qual é o segundo maior país do mundo?Canadá
91%
Que país da América Central começa com a letra B?Belize
82%
Qual é o estado mais populoso dos EUA?Califórnia
73%
Que país da América Central começa com a letra C?Costa Rica
73%
A que país pertence a marca Jack Daniel's?Estados Unidos
73%
A que país pertence o licor Chartreuse?França
59%
Por área qual é o maior estado dos EUA?Alasca
50%
A que país pertence a marca de refrigerantes La Casera?Espanha
45%
Qual é a bebida típica da Escócia?Uísque
32%
Quem canta a música "Jailhouse Rock"?Elvis Presley
27%
Qual é o país de origem da cerveja Budweiser Budvar?República Checa
18%
Em que cidade fica o aeroporto mais movimentado do mundo?Atlanta
14%
Qual é a maior cidade do Alabama?Birmingham
14%

Distribuição das Pontuações

Percentil de Números Respondidos

Porcentagem de Pessoas com Cada Pontuação

Sua Pontuação Histórica

Você não jogou esse quiz